| 000 | 00341nam a2200121Ia 4500 | ||
|---|---|---|---|
| 005 | 20251222144743.0 | ||
| 008 | 251222s9999||||xx |||||||||||||| ||spa|| | ||
| 082 | _a302.2/S18 | ||
| 100 | _aSalazar Larraún, Arturo | ||
| 245 | 0 | _aNuevos Medios, Nueva Sociedad: | |
| 264 | _bFondo Editorial Universidad de San Martín de Porres | ||
| 942 | _cLIB | ||
| 999 |
_c19033 _d19033 |
||